Building maintenance price book 2008 (Record no. 107912)

MARC details
000 -LEADER
fixed length control field 00982cam a22002655a 4500
001 - CONTROL NUMBER
control field E142530
008 - FIXED-LENGTH DATA ELEMENTS--GENERAL INFORMATION
fixed length control field 080221s2008 xxk f 000 0 eng d
020 ## - INTERNATIONAL STANDARD BOOK NUMBER
International Standard Book Number 9781904829737
022 1# - INTERNATIONAL STANDARD SERIAL NUMBER
International Standard Serial Number 0261-2933
035 ## - SYSTEM CONTROL NUMBER
System control number (Sirsi) u142530
041 0# - LANGUAGE CODE
Language code of text/sound track or separate title eng
050 04 - LIBRARY OF CONGRESS CALL NUMBER
Classification number 692.5 $2 18
110 2# - MAIN ENTRY--CORPORATE NAME
Corporate name or jurisdiction name as entry element Building Cost Information Service
9 (RLIN) 1096
245 00 - TITLE STATEMENT
Title Building maintenance price book 2008
250 ## - EDITION STATEMENT
Edition statement 28th ed.
260 ## - PUBLICATION, DISTRIBUTION, ETC.
Place of publication, distribution, etc. London
Name of publisher, distributor, etc. BCIS
Date of publication, distribution, etc. 2008
300 ## - PHYSICAL DESCRIPTION
Extent 264p.
Other physical details spiral bound
Dimensions 21cm.
505 2# - FORMATTED CONTENTS NOTE
Formatted contents note Introduction -- Basic costs -- Labour constants -- Measured rates
520 ## - SUMMARY, ETC.
Summary, etc. Aims to represent reasonable prices for maintenance and repair work and as such provides a realistic and useful source of maintenance cost information for estimating and pricing.
520 ## - SUMMARY, ETC.
Summary, etc. Supersedes 27th edition (ISBN 9781904829553).
520 ## - SUMMARY, ETC.
Summary, etc. Superseded by 29th edition (ISBN 9781904829911)
651 #4 - SUBJECT ADDED ENTRY--GEOGRAPHIC NAME
Geographic name United Kingdom
Chronological subdivision
690 ## - LOCAL SUBJECT ADDED ENTRY--TOPICAL TERM (OCLC, RLIN)
Topical term or geographic name as entry element BUILT ENVIRONMENT-BUILDING COSTS
942 ## - ADDED ENTRY ELEMENTS (KOHA)
Suppress in OPAC 0
Holdings
Withdrawn status Lost status Source of classification or shelving scheme Damaged status Not for loan Home library Current library Shelving location Date acquired Total Checkouts Full call number Barcode Date last seen Copy number Price effective from Koha item type Date last checked out
    Dewey Decimal Classification     London London RICS Boxes 04/04/2008   RICS 2008/6 30072588 06/08/2019 1 06/08/2019 Archive  
    Dewey Decimal Classification     London London Basement 30/04/2008 6 692.5 BUI 30074428 06/08/2019 4 06/08/2019 Reference material 08/07/2009